LIBRARY & INFORMATION CENTRE, KCAET, TAVANUR

ONLINE PUBLIC ACCESS CATALOGUE (OPAC)

Shakespeare In the Soviet Union / (Record no. 7824)

MARC details
000 -LEADER
fixed length control field 00343cam a2200133ua 4500
082 ## - DEWEY DECIMAL CLASSIFICATION NUMBER
Classification number 828.09
Item number SAM/SH
100 ## - MAIN ENTRY--AUTHOR NAME
Personal name Samarin, Roman .
245 ## - TITLE STATEMENT
Title Shakespeare In the Soviet Union /
250 ## - EDITION STATEMENT
Edition statement 1 /
260 ## - PUBLICATION, DISTRIBUTION, ETC. (IMPRINT)
Place of publication Moscow :
Name of publisher Progress Publishers ,
Year of publication 1966.
300 ## - PHYSICAL DESCRIPTION
Number of Pages 274 ; .
700 1# - ADDED ENTRY--PERSONAL NAME
Personal name Nirolyukin, Alexander .
942 ## - ADDED ENTRY ELEMENTS (KOHA)
Koha item type Books
Holdings
Withdrawn status Lost status Damaged status Home library Current library Date acquired Full call number Accession Number Koha item type
Withdrawn     KAUAET Sanskrit University 07/04/2012 828.09 11203 Books
free website counter